| 000 | 00879cam a22002532 4500 | ||
|---|---|---|---|
| 001 | 0000019111 | ||
| 005 | 20151217152146.0 | ||
| 008 | 100921s xx 000 0 eng d | ||
| 020 | _a0199239429: | ||
| 040 |
_aKABU _cKABU |
||
| 100 | 1 |
_aLee, Kiefer. _@0000169739 |
|
| 245 | 1 | 0 |
_aGlobal marketing management : _bchanges, new challenges and strategies / _cKiefer Lee, Steve Carter. |
| 250 | _a2nd ed. | ||
| 260 |
_aOxford : _bO. U. P., _c2009. |
||
| 300 | _axxvii, 565 p. | ||
| 650 | 0 |
_aExport marketing _xManagement. _@0000151323 |
|
| 650 | 0 |
_aInternational business enterprises _xManagement. _@0000150891 |
|
| 650 | 0 |
_aStrategic planning. _@0000150576 |
|
| 700 | 1 |
_aCarter, Steve. _@0000169740 |
|
| 852 | 1 | _9p7488 KES | |
| 852 | 1 | _9p7488 KES | |
| 908 | _a100921 | ||
| 950 | _@1 | ||
| 999 |
_c8831 _d8831 |
||